005270000a22001690004500020001500000060000800015082001400023100002500037245004600062260003900108260000900147300000800156650005500164942000700219999001900226952011200245 a0815505841 a100 a664.2 PET aPetersen, Nicholas B aEdible starches and starch- derived syrup aNew jersey, Noyes data corporation c1975 a456 aEdible starches/ Starch-edible/ starch derivatives cBK c346807d346807 00104070aKAUCOAVbKAUCOAVd2014-05-02l0o664.2 PETpKAU_COAV-15544r2014-05-02 00:00:00w2014-05-02yBK